000 00807nam a2200217Ia 4500
003 GCL
008 140319s9999 xx 000 0 ara d
040 _aGCL /
_cGCL
082 0 4 _a956.9
_bس ف
100 1 _aسميح فرسون
245 1 0 _aفلسطين والفلسطينيون /
_cسميح فرسون
250 _aالاولى
260 _aالقاهرة :
_bمركز دراسات الوحدة العربية ،
_c2003
300 _a647 ص ؛
_c24 سم
650 0 4 _aالقضية الفلسطينية
650 0 4 _aالاحتلال الصهيونى
650 0 4 _aاللاجئون الفلسطينيون
650 0 4 _aفلسطين - تاريخ - العصر الحديث
650 0 4 _aفلسطين - تاريخ - العصر الحديث - الاحتلال البريطانى
942 _2ddc
_cBK
999 _c5780
_d5780